Capitali dell'Asia - Statistics

Statistiche generali
  • Questo quiz è stato fatto 21.082 volte
    20.980 dall'ultimo reset
  • Il punteggio medio è 29 su 48
Statistiche sulle risposte
Paese Capitale % Corretto
Cina Pechino
92%
Giappone Tokyo
92%
Corea del Sud Seul
89%
India Nuova Delhi
85%
Afghanistan Kabul
84%
Israele Gerusalemme
82%
Turchia Ankara
78%
Singapore Singapore
77%
Emirati Arabi Uniti Abu Dhabi
76%
Filippine Manila
76%
Arabia Saudita Riad
75%
Iran Teheran
75%
Cipro Nicosia
74%
Corea del Nord Pyongyang
74%
Iraq Baghdad
73%
Azerbaigian Baku
72%
Indonesia Giacarta
72%
Thailandia Bangkok
69%
Siria Damasco
67%
Libano Beirut
65%
Bangladesh Dacca
65%
Georgia Tbilisi
64%
Kuwait Città del Kuwait
63%
Pakistan Islamabad
63%
Qatar Doha
62%
Armenia Erevan
61%
Taiwan Taipei
60%
Vietnam Hanoi
58%
Giordania Amman
57%
Mongolia Ulan Bator
57%
Malesia Kuala Lumpur
56%
Maldive Malé
55%
Kazakistan Nursultan
55%
Nepal Kathmandu
53%
Yemen Sana'a
44%
Cambogia Phnom Penh
43%
Laos Vientiane
43%
Bahrein Manama
42%
Bhutan Thimphu
40%
Oman Mascate
37%
Kirghizistan Biškek
35%
Uzbekistan Tashkent
35%
Timor Est Dili
34%
Sri Lanka Sri Jayawardenepura Kotte
33%
Brunei Bandar Seri Begawan
32%
Turkmenistan Aşgabat
30%
Birmania Naypyidaw
29%
Tagikistan Dušanbe
28%
Nessun quiz corrispondente trovato
Distribuzione punteggi
Percentuale di utenti per punteggio
Percentile per numero di risposta
I tuoi punteggi nel tempo
Non hai fatto questo quiz dall'ultimo reset